[Event "Charleroi TIPC op"]
[Site "Charleroi"]
[Date "2008.07.31"]
[Round "7"]
[White "De Billoez, Yves"]
[Black "Sclacmender, Julien"]
[Result "0-1"]
[WhiteElo "1990"]
[BlackElo "2194"]
[PlyCount "62"]
[EventDate "2008.07.26"]
[EventType "swiss"]
[EventRounds "9"]
[EventCountry "BEL"]
[SourceTitle "EXT 2009"]
[Source "ChessBase"]
[SourceDate "2008.11.26"]
[SourceVersion "1"]
[SourceVersionDate "2008.11.26"]
[SourceQuality "1"]

1. d4 Nf6 2. c4 g6 3. Nc3 d5 4. Nf3 Bg7 5. cxd5 Nxd5 6. Qb3 Nb6 7. Bf4 0-0 8. Rd1 a5 9. e4 Na6 10. Be2 Bg4 11. 0-0 Bxf3 12. Bxf3 Qd7 13. d5 a4 14. Qc2 Nb4 15. Qb1 Rfc8 16. a3 Na6 17. e5 Nc5 18. Ne4 Nb3 19. Qc2 Qf5 20. Nf6+ exf6 21. Qxf5 gxf5 22. e6 Bf8 23. exf7+ Kxf7 24. d6 Bxd6 25. Bxd6 cxd6 26. Bxb7 d5 27. f3 Rab8 28. Bxc8 Rxc8 29. Rf2 d4 30. Rfd2 Nd5 31. Rd3 Nf4 0-1